<?xml version="1.0" encoding="UTF-8"?>
<record
    xmlns:xsi="http://www.w3.org/2001/XMLSchema-instance"
    xsi:schemaLocation="http://www.loc.gov/MARC21/slim http://www.loc.gov/standards/marcxml/schema/MARC21slim.xsd"
    xmlns="http://www.loc.gov/MARC21/slim">

  <leader>00778nam a22001217a 4500</leader>
  <datafield tag="040" ind1=" " ind2=" ">
    <subfield code="c">RUA</subfield>
  </datafield>
  <datafield tag="082" ind1=" " ind2=" ">
    <subfield code="a">RUA MEA 2013 C108 Or.</subfield>
  </datafield>
  <datafield tag="100" ind1=" " ind2=" ">
    <subfield code="a">MEAS SOTHY,</subfield>
  </datafield>
  <datafield tag="245" ind1=" " ind2=" ">
    <subfield code="a">Seroprevace, Molecular Epidemiology , Vertical Transmission Of Bovine Retroviruses and Common Parasites,&#x1780;&#x17B6;&#x179A;&#x179A;&#x1780;&#x1783;&#x17BE;&#x1789;&#x1787;&#x17C6;&#x1784;&#x17BA; AIDS &#x1782;&#x17C4; &#x1780;&#x17D2;&#x179A;&#x1794;&#x17B8;&#x1793;&#x17C5;&#x1780;&#x1798;&#x17D2;&#x1796;&#x17BB;&#x1787;&#x17B6; &#x17A2;&#x17B6;&#x179F;&#x17CA;&#x17B8; &#x17A2;&#x17B6;&#x17A0;&#x17D2;&#x179C;&#x17D2;&#x179A;&#x17B8;&#x1780; &#x17A2;&#x17B6;&#x1798;&#x17C1;&#x179A;&#x17B7;&#x1780;&#x17A1;&#x17B6;&#x1791;&#x17B8;&#x1793; &#x1780;&#x17B6;&#x179A;&#x1786;&#x17D2;&#x179B;&#x1784;&#x1796;&#x17B8;&#x1798;&#x17C1;&#x1798;&#x1780;&#x1780;&#x17BC;&#x1793; &#x1793;&#x17B7;&#x1784;&#x1780;&#x17B6;&#x179A;&#x179C;&#x17B7;&#x1797;&#x17B6;&#x1782;&#x179F;&#x17C2;&#x1793;&#x179A;&#x1794;&#x179F;&#x17CB;&#x179C;&#x17B6;&#x1796;&#x17D2;&#x179A;&#x1798;&#x1791;&#x17B6;&#x17C6;&#x1784;&#x1787;&#x17C6;&#x1784;&#x17BA;&#x1794;&#x179A;&#x17B6;&#x179F;&#x17B7;&#x178F;&#x179F;&#x17C6;&#x1781;&#x17B6;&#x1793;&#x17CB;&#x17D7;&#x1793;&#x17C5;&#x1794;&#x17D2;&#x179A;&#x1791;&#x17C1;&#x179F;&#x1780;&#x1798;&#x17D2;&#x1796;&#x17BB;&#x1787;&#x17B6;</subfield>
  </datafield>
  <datafield tag="260" ind1=" " ind2=" ">
    <subfield code="a">PHNOM PENH</subfield>
    <subfield code="b">RUA</subfield>
    <subfield code="c">2012</subfield>
  </datafield>
  <datafield tag="300" ind1=" " ind2=" ">
    <subfield code="a">277p.</subfield>
    <subfield code="b">ill.</subfield>
    <subfield code="c">29cm.</subfield>
  </datafield>
  <datafield tag="942" ind1=" " ind2=" ">
    <subfield code="c">&#x179F;&#x17C0;&#x179C;&#x1797;&#x17C5;&#x1782;&#x17C4;&#x179B;</subfield>
  </datafield>
  <datafield tag="999" ind1=" " ind2=" ">
    <subfield code="c">25458</subfield>
    <subfield code="d">25458</subfield>
  </datafield>
  <datafield tag="952" ind1=" " ind2=" ">
    <subfield code="0">0</subfield>
    <subfield code="1">0</subfield>
    <subfield code="4">0</subfield>
    <subfield code="6">RUA_MEA_2013_000000000000000_C108_OR</subfield>
    <subfield code="7">0</subfield>
    <subfield code="9">105793</subfield>
    <subfield code="a">LBC</subfield>
    <subfield code="b">LBC</subfield>
    <subfield code="c">C108</subfield>
    <subfield code="d">2026-02-04</subfield>
    <subfield code="o">RUA MEA 2013 C108 Or.</subfield>
    <subfield code="p">C034280</subfield>
    <subfield code="r">2026-02-04</subfield>
    <subfield code="y">&#x179F;&#x17C0;&#x179C;&#x1797;&#x17C5;&#x1782;&#x17C4;&#x179B;</subfield>
  </datafield>
</record>
